00898nam a2200229 a 450000100060000000300080000600500170001400800410003103500190007204000360009104100110012708200250013810000500016324501550021326000390036830000290040750000190043665000440045594200120049999900170051195201400052870378BD-RjUL20211209082006.0170417s1961 nyua b 001 0 eng  a(BD-RjUL)70592 aDLC/ICUcICUdDLCdBD-RjULbeng1 aengrus00223a512.94bZAH 19611 aZaguskin, V. L.q(Vladimir Lʹvovich)920839210aHandbook of numerical methods for the solution of algebraic and transcendental equations /cV L Zaguskin; Translated from the Russian by G.O. Harding. aNew York :bPergamon Press,c1961. a195 p. :bill. ;c22 cm. aIncludes index 0aEquationsxNumerical solutions.9208393 2ddccBK c70378d70378 00102ddc40718NFICaRUCLbRUCLcReadingd1962-10-18eZeithingerg40.00l0o512.94 ZAH 1961r2017-04-17 00:00:00tC-1w2021-12-09yBK